000 00803nam a2200241 i 4500
001 C2-0278498
003 PPAK
005 20180728010124.0
008 070326s2005 my |||| ||||| | eng d
040 _aPPAK
_beng
_cPPAK
_erda
082 0 4 _a657.3
_223
090 0 0 _a657.3
_bLEM
_dR
110 2 _aLembaga Piawaian Perakaunan Malaysia
245 0 0 _aFinancial reporting standard - FRS 108 :
_baccounting policies, changes in accounting estimates and errors
264 1 _aKuala Lumpur :
_bLembaga Piawaian Perakaunan Malaysia ,
_c2005
300 _a[32 pages] ;
_c21 cm
336 _2rdacontent
_atext
337 _2rdamedia
_aunmediated
338 _2rdacarrier
_avolume
650 1 0 _aFinancial statements - Malaysia.
710 2 _aLembaga Piawaian Perakaunan Malaysia
_eorganizer
942 _ddc
_cB
999 _c85433
_d85433